Most expensive football transfers - Centre-Backs - 2017-2018 Season - Statistics

General Stats
  • This quiz has been taken 19 times
  • The average score is 8 of 10
Answer Stats
Fee (M €) Nationality Left Joined Player % Correct
84,65 Netherlands Southampton Liverpool Virgil van Dijk
100%
42,00 Italy Juventus AC Milan Leonardo Bonucci
93%
35,00 Germany AS Roma Chelsea Antonio Rüdiger
87%
65,00 France / Spain Athletic Manchester City Aymeric Laporte
87%
35,00 Sweden Benfica Manchester United Victor Lindelöf
87%
42,00 Colombia Ajax Tottenham Davinson Sánchez
80%
34,00 Slovakia Sampdoria Inter Milan Skriniar
73%
30,00 Brazil Real Madrid Manchester City Danilo
60%
31,10 Italy Atalanta BC Inter Alessandro Bastoni
53%
32,00 Spain Real Sociedad Athletic Iñigo Martínez
33%
No matching quizzes found
Score Distribution
Percent of People with Each Score
Percentile by Number Answered
Your Score History
You have not taken this quiz